000
00325nam a2200133Ia 4500
003
OSt
005
20240422165217.0
008
170523s9999 xx 000 0 und d
020
_a
9780070620032
040
_c
iimt university meerut
100
_a
O BRIEN- JAMES A
245
0
_a
MANAGEMENT INFORMATION SYSTEM
942
_2
ddc
_c
02
999
_c
10009
_d
10009